000 01299nam a2200301 a 4500
001 ebr10310814
003 CaPaEBR
006 m u
007 cr cn|||||||||
008 090917s2009 enkab sb 001 0 eng d
020 _z9781845117566
040 _aCaPaEBR
_cCaPaEBR
035 _a(OCoLC)647821865
050 1 4 _aQ172.5.P77
_bR44 2009eb
100 1 _aReece, Gregory L.,
_d1967-
245 1 0 _aWeird science and bizarre beliefs
_h[electronic resource] :
_bmysterious creatures, lost worlds, and amazing inventions /
_cGregory L. Reece.
260 _aLondon :
_bI.B. Tauris,
_c2009.
300 _ax, 238 p. :
_bill., maps.
504 _aIncludes bibliographical references (p. [227]-232) and index.
505 0 _apt. 1. Bigfoot in Paris -- pt. 2. Among the Arkansas cave people -- pt. 3. Psychic brainwaves from space.
533 _aElectronic reproduction.
_bPalo Alto, Calif. :
_cebrary,
_d2013.
_nAvailable via World Wide Web.
_nAccess may be limited to ebrary affiliated libraries.
650 0 _aPseudoscience.
650 0 _aScience
_vPopular works.
650 0 _aFantasy.
655 7 _aElectronic books.
_2local
710 2 _aebrary, Inc.
856 4 0 _uhttp://site.ebrary.com/lib/rucke/Doc?id=10310814
_zAn electronic book accessible through the World Wide Web; click to view
999 _c161878
_d161878